El caso del videojuego /

No sabía qué, pero había algo raro en mi computadora. Muy lentamente volví a revisarlo todo hasta que, de repente, un sudor helado me paralizó. ¡Ahí estaba! En la pantalla, silenciosa y fría, con exactitud impecable, parpadeaban nítidamente los números blancos de la evidencia. ¡Se trataba de la hora...

Descripción completa

Guardado en:
Autor Principal: Carlos Schlaen.
Formato: Libro
Idioma:Undetermined
Publicado: Buenos Aires : Libros del Quirquincho, 1996.
Edición:1a ed.
Series:Letra Negra ; 254
Materias:
Etiquetas: Agregar Etiqueta
Sin Etiquetas, Sea el primero en etiquetar este registro!
LEADER 01160nam a22002415a 4500
001 CEM.cems024288
008 240828s1996####ag############000#0#und#d
005 20240828173923.0
245 1 0 |a El caso del videojuego /  |c Carlos Schlaen ; ilustrado por Carlos Schlaen. 
250 |a 1a ed. 
260 |a Buenos Aires :  |b Libros del Quirquincho,  |c 1996. 
300 |a 64 p. 
490 1 |a Letra Negra ;  |v 254 
520 |a No sabía qué, pero había algo raro en mi computadora. Muy lentamente volví a revisarlo todo hasta que, de repente, un sudor helado me paralizó. ¡Ahí estaba! En la pantalla, silenciosa y fría, con exactitud impecable, parpadeaban nítidamente los números blancos de la evidencia. ¡Se trataba de la hora! ¡Alguien había ingresado a mis archivos a las 23:17...y a esa hora yo no había estado en mi oficina! 
020 |a 9507372644 
100 1 |a Carlos Schlaen. 
653 |a Literatura juvenil 
653 |a Literatura infantil 
653 |a Narrativa infantil 
653 |a Narrativa juvenil 
653 |a Literatura argentina 
653 |a Ficción detectivesca 
859 |a CEMS  |b BIB. CEMS - Inicial y Primaria  |h A863.4  |i Sch36a1  |k IP  |p 2418  |t Ej.1